[Event "AUT-chT2W 1112"]
[Site "Austria"]
[Date "2012.03.10"]
[Round "10.5"]
[White "Kondrak, Christof"]
[Black "Schmidlechner, Alexander"]
[Result "1/2-1/2"]
[WhiteElo "2176"]
[BlackElo "2243"]
[PlyCount "112"]
[EventDate "2011.10.07"]
[EventType "team-tourn"]
[EventRounds "11"]
[EventCountry "AUT"]
[SourceTitle "EXT 2013"]
[Source "ChessBase"]
[SourceDate "2012.11.22"]
[SourceVersion "1"]
[SourceVersionDate "2012.11.22"]
[SourceQuality "1"]
[WhiteTeam "Schwaz"]
[BlackTeam "Goetzis"]
[WhiteTeamCountry "AUT"]
[BlackTeamCountry "AUT"]

1. d4 d5 2. Nf3 c6 3. Bf4 Bg4 4. Nbd2 Nd7 5. h3 Bh5 6. e3 e6 7. Be2 Ngf6 8. 0-0 Be7 9. c4 0-0 10. c5 Bxf3 11. Nxf3 Ne4 12. Qc2 f5 13. b4 a6 14. a4 Bf6 15. Rab1 Qe7 16. b5 axb5 17. axb5 e5 18. Bh2 Ra7 19. bxc6 bxc6 20. Rb6 exd4 21. exd4 Qe6 22. Ra6 Rb7 23. Bd3 g5 24. Re1 g4 25. hxg4 fxg4 26. Bxe4 dxe4 27. Rxe4 Qf5 28. Ne1 Rb2 29. Qc4+ Kh8 30. Rf4 Qg6 31. Rxc6 Rb1 32. Qe2 Re8 33. Re6 Rxe6 34. Qxe6 Bxd4 35. Qe7 Bc3 36. Qd8+ Qg8 37. Qxg8+ Kxg8 38. Rxg4+ Kf7 39. Bf4 Rxe1+ 40. Kh2 Nxc5 41. Be3 Be5+ 42. g3 Nd7 43. Kg2 Nf6 44. Rh4 Kg6 45. Rh6+ Kg7 46. Rh4 Nd5 47. Re4 Nxe3+ 48. Rxe3 Rxe3 49. fxe3 Kg6 50. Kh3 Kf5 51. e4+ Kxe4 52. Kg2 h5 53. Kf2 Bf6 54. Kg2 Ke3 55. g4 h4 56. g5 Bxg5 1/2-1/2

[Event "AUT-chT2W 1112"]
[Site "Austria"]
[Date "2012.03.09"]
[Round "9.5"]
[White "Kondrak, Christof"]
[Black "Ljubic, Juro"]
[Result "0-1"]
[WhiteElo "2176"]
[BlackElo "2179"]
[PlyCount "90"]
[EventDate "2011.10.07"]
[EventType "team-tourn"]
[EventRounds "11"]
[EventCountry "AUT"]
[SourceTitle "EXT 2013"]
[Source "ChessBase"]
[SourceDate "2012.11.22"]
[SourceVersion "1"]
[SourceVersionDate "2012.11.22"]
[SourceQuality "1"]
[WhiteTeam "Schwaz"]
[BlackTeam "Schwarzach"]
[WhiteTeamCountry "AUT"]
[BlackTeamCountry "AUT"]

1. d4 c5 2. dxc5 e6 3. a3 Bxc5 4. c4 Nf6 5. e3 0-0 6. Nc3 b6 7. b4 Be7 8. Bb2 Bb7 9. Qb3 Ne4 10. Nf3 a5 11. Bd3 Nxc3 12. Bxc3 axb4 13. axb4 Rxa1+ 14. Bxa1 Bxf3 15. gxf3 Bf6 16. Ke2 Nc6 17. Bxf6 Qxf6 18. Be4 Qe7 19. Rb1 Rd8 20. f4 e5 21. fxe5 Nxe5 22. Qc2 g6 23. c5 Rc8 24. Rc1 Qh4 25. Bb7 Qh5+ 26. Kf1 Rc7 27. Qe4 Qxh2 28. Ra1 bxc5 29. Ra5 d6 30. b5 Qh3+ 31. Ke2 Qd7 32. Bd5 Ra7 33. Qa4 Rxa5 34. Qxa5 Qg4+ 35. Kd2 Qf5 36. e4 Qxf2+ 37. Kd1 Qd4+ 38. Kc1 Nd3+ 39. Kd2 Ne5+ 40. Kc2 Qd3+ 41. Kb2 Kg7 42. b6 Qxd5 43. Qa7 Nc4+ 44. Kc3 Qd4+ 45. Kb3 Nxb6 0-1

[Event "AUT-chT2W 1112"]
[Site "Austria"]
[Date "2012.01.28"]
[Round "7.5"]
[White "Sandholzer, Robert"]
[Black "Kondrak, Christof"]
[Result "1-0"]
[WhiteElo "2158"]
[BlackElo "2176"]
[PlyCount "219"]
[EventDate "2011.10.07"]
[EventType "team-tourn"]
[EventRounds "11"]
[EventCountry "AUT"]
[SourceTitle "EXT 2013"]
[Source "ChessBase"]
[SourceDate "2012.11.22"]
[SourceVersion "1"]
[SourceVersionDate "2012.11.22"]
[SourceQuality "1"]
[WhiteTeam "Hohenems II"]
[BlackTeam "Schwaz"]
[WhiteTeamCountry "AUT"]
[BlackTeamCountry "AUT"]

1. e4 c5 2. c3 Nf6 3. e5 Nd5 4. Nf3 e6 5. Bc4 Nb6 6. Bb3 d6 7. exd6 Bxd6 8. 0-0 0-0 9. d4 cxd4 10. Qxd4 Nc6 11. Qe4 Nd7 12. Bg5 Nc5 13. Qh4 Qc7 14. Bc2 f5 15. Nbd2 b5 16. Rfe1 e5 17. a4 bxa4 18. Nc4 e4 19. Nxd6 Qxd6 20. Red1 Qg6 21. Nd4 Nxd4 22. cxd4 Nd7 23. Bxa4 Nf6 24. d5 h6 25. Be3 Bd7 26. Bxd7 Nxd7 27. Rxa7 Ne5 28. Qg3 Qf6 29. Rxa8 Rxa8 30. Bd4 f4 31. Qc3 Re8 32. Bxe5 Rxe5 33. d6 Re8 34. d7 Rd8 35. Qc4+ Qf7 36. Qxe4 Rxd7 37. Qa8+ Kh7 38. Qe4+ Kg8 39. Re1 Rd5 40. h3 Rf5 41. b4 Qd7 42. Qe8+ Qxe8 43. Rxe8+ Kf7 44. Rb8 Rd5 45. b5 Rd1+ 46. Kh2 Rd2 47. f3 Rb2 48. b6 Rb1 49. b7 Kg6 50. h4 Kh5 51. Rf8 Rxb7 52. Rxf4 Kg6 53. Kh3 Ra7 54. Kg4 h5+ 55. Kg3 Ra6 56. Re4 Rb6 57. Re5 Ra6 58. Kf4 Rf6+ 59. Ke4 Ra6 60. Rd5 Re6+ 61. Kf4 Ra6 62. Ke5 Ra2 63. Rd6+ Kf7 64. g3 Ra3 65. Ke4 Rb3 66. Rd3 Rb4+ 67. Rd4 Rb3 68. Kf4 Kg6 69. Rd6+ Kh7 70. Re6 Rb4+ 71. Re4 Rb6 72. Re5 Kg6 73. g4 hxg4 74. fxg4 Rb4+ 75. Re4 Rb5 76. Re6+ Kf7 77. Re5 Rb7 78. Kg5 Ra7 79. Rf5+ Kg8 80. Kg6 Ra6+ 81. Kg5 Ra7 82. Rb5 Ra8 83. Kh5 Rc8 84. g5 Kh7 85. g6+ Kg8 86. Kg5 Ra8 87. Kf5 Kf8 88. h5 Rc8 89. Ke6 Ra8 90. Rd5 Re8+ 91. Kd7 Re7+ 92. Kd6 Ra7 93. Kc6 Ke7 94. Rf5 Ke6 95. Rf8 Ra5 96. h6 gxh6 97. g7 Rg5 98. g8Q+ Rxg8 99. Rxg8 Kf5 100. Kd5 h5 101. Rf8+ Kg4 102. Ke4 Kg3 103. Ke3 h4 104. Rg8+ Kh3 105. Kf2 Kh2 106. Rh8 Kh3 107. Kg1 Kg3 108. Kh1 Kh3 109. Ra8 Kg3 110. Ra3+ 1-0

[Event "AUT-chT2W 1112"]
[Site "Austria"]
[Date "2011.10.09"]
[Round "3.5"]
[White "Kondrak, Christof"]
[Black "Kleissl, Helmut"]
[Result "1-0"]
[WhiteElo "2176"]
[BlackElo "2306"]
[PlyCount "101"]
[EventDate "2011.10.07"]
[EventType "team-tourn"]
[EventRounds "11"]
[EventCountry "AUT"]
[SourceTitle "CBM 144 Extra"]
[Source "ChessBase"]
[SourceDate "2011.10.28"]
[SourceVersion "1"]
[SourceVersionDate "2011.10.28"]
[SourceQuality "1"]
[WhiteTeam "Schwaz"]
[BlackTeam "Zillertal"]
[WhiteTeamCountry "AUT"]
[BlackTeamCountry "AUT"]

1. d4 d6 2. Bf4 g6 3. h3 Bg7 4. Nf3 Nd7 5. c3 e5 6. Bh2 Qe7 7. e3 Ngf6 8. Be2 b6 9. 0-0 0-0 10. c4 e4 11. Nfd2 Bb7 12. Nc3 Rfe8 13. Re1 Nf8 14. Rc1 c5 15. d5 h6 16. Qc2 N8h7 17. Bf1 Bc8 18. a3 h5 19. b4 Bf5 20. bxc5 dxc5 21. a4 h4 22. Nb5 Red8 23. a5 g5 24. axb6 axb6 25. Bc7 Rdc8 26. Red1 g4 27. Bf4 Rd8 28. d6 Qd7 29. hxg4 Bxg4 30. f3 exf3 31. gxf3 Bf5 32. e4 Bh3 33. Bxh3 Qxh3 34. Kf2 Qd7 35. Rg1 Kh8 36. e5 Nh5 37. Qe4 Nxf4 38. Qxf4 Ra2 39. Rxg7 Kxg7 40. Nc3 Rb2 41. Rg1+ Kh8 42. Nce4 Qh3 43. Ng5 Nxg5 44. Rxg5 Qh2+ 45. Qxh2 Rxd2+ 46. Kg1 Rd1+ 47. Kg2 Rd2+ 48. Kh3 Rxh2+ 49. Kxh2 Kh7 50. f4 f6 51. Rg2 1-0

[Event "AUT-chT2W 1112"]
[Site "Austria"]
[Date "2011.10.07"]
[Round "1.5"]
[White "Pilz, Dieter"]
[Black "Kondrak, Christof"]
[Result "1/2-1/2"]
[WhiteElo "2330"]
[BlackElo "2176"]
[PlyCount "59"]
[EventDate "2011.10.07"]
[EventType "team-tourn"]
[EventRounds "11"]
[EventCountry "AUT"]
[SourceTitle "CBM 144 Extra"]
[Source "ChessBase"]
[SourceDate "2011.10.28"]
[SourceVersion "1"]
[SourceVersionDate "2011.10.28"]
[SourceQuality "1"]
[WhiteTeam "Absam"]
[BlackTeam "Schwaz"]
[WhiteTeamCountry "AUT"]
[BlackTeamCountry "AUT"]

1. e4 c5 2. Nf3 e6 3. Nc3 a6 4. d4 cxd4 5. Nxd4 Bb4 6. Bd3 Nc6 7. Nxc6 bxc6 8. 0-0 d5 9. exd5 cxd5 10. Qg4 Bf8 11. Re1 Nf6 12. Qg3 Bb7 13. Bg5 Be7 14. Rad1 Nh5 15. Bxe7 Qxe7 16. Qg4 g6 17. Qa4+ Qd7 18. Qb4 Qe7 19. Qa4+ Qd7 20. Qd4 0-0 21. Be2 Ng7 22. Ne4 Ne8 23. c4 Qc7 24. cxd5 Bxd5 25. Bf3 Rc8 26. b3 Qa5 27. Re2 Bxe4 28. Bxe4 Nd6 29. Bd3 Nb5 30. Bxb5 1/2-1/2

[Event "AUT-chT2W 1011"]
[Site "Austria"]
[Date "2011.03.12"]
[Round "10.5"]
[White "Kondrak, Christof"]
[Black "Nussbaumer, Leon"]
[Result "0-1"]
[WhiteElo "2147"]
[BlackElo "1894"]
[PlyCount "88"]
[EventDate "2010.10.15"]
[EventType "team-tourn"]
[EventRounds "11"]
[EventCountry "AUT"]
[SourceTitle "EXT 2012"]
[Source "ChessBase"]
[SourceDate "2011.11.24"]
[SourceVersion "1"]
[SourceVersionDate "2011.11.24"]
[SourceQuality "1"]
[WhiteTeam "Schwaz"]
[BlackTeam "Hohenems II"]
[WhiteTeamCountry "AUT"]
[BlackTeamCountry "AUT"]

1. d4 d5 2. Nf3 Nf6 3. c4 c6 4. cxd5 cxd5 5. Nc3 Nc6 6. Bf4 Bf5 7. a3 e6 8. e3 Bd6 9. Bg5 0-0 10. Be2 Rc8 11. 0-0 Qe7 12. Rc1 a6 13. Na4 b5 14. Nc5 Bxc5 15. dxc5 Na5 16. Nd4 Bg6 17. b4 Nc4 18. a4 Nb2 19. Qb3 Nxa4 20. Qa3 Qb7 21. Bf4 Ne4 22. Rfd1 Rfe8 23. f3 Nec3 24. Rxc3 Nxc3 25. Qxc3 e5 26. Bxe5 Rxe5 27. Nxb5 Qe7 28. Nd6 Rc6 29. e4 dxe4 30. Nxe4 f5 31. Bc4+ Kf8 32. Nd6 a5 33. Bd5 Re3 34. Qd2 Rc7 35. Nb5 Rd7 36. Nc3 axb4 37. Na4 Rxd5 38. Qxd5 Re1+ 39. Kf2 Qe2+ 40. Kg3 Rxd1 41. Qa8+ Qe8 42. Qa6 Qe5+ 43. Kh3 f4 44. Qc8+ Be8 0-1